000 01107nam a2200337 4500
001 24648
010 _a9789897079405
021 _aPT
_b452786/19
090 _a24648
100 _a20200128d2020 c y0pory50030103ba
101 1 _apor
_ceng
102 _aPT
105 _aa z 000fy
106 _ar
200 1 _aA rainha da neve
_fHans Cristian Andersen
_gadapt. Valentina Bonaguro
_gil. Luna Scortegagna
210 9 _aAmadora
_cFábula
_d2020
215 _a[27] p.
_ctodo il.
_d30 cm
300 _a Infantil (6 a 10 anos)
304 _aTít. orig.: The Snow Queen
330 _a Vem descobrir a fabulosa história da Rainha da Neve, e o que se esconde por detrás dos maravilhosos recortes deste livro! Histórias clássicas, em livros graficamente muito apelativos, sofisticados e diferentes. Coleção composta por clássicos intemporais, que transmitem mensagens e valores fulcrais à evolução das crianças. Histórias divertidas, interativas e educativas.
606 _aLiteratura infantil
_xConto
675 _a087.5
_vBN
_zpor
675 _a821.131.1-93"20"
_vBN
_zpor
675 _a821.131.1-34"20"
_vBN
_zpor
700 1 _aAndersen
_bHans Christian
_f1805-1875
702 1 _aBonaguro
_bV.
_4010
702 1 _aScortegagna
_bLuna
_4440
801 0 _aPT
_bBEDB
_gRPC
942 _n0
_cMON